000 00200 a2200097 4500
001 3919
100 _aBueche, F
245 _aPrinciples of physics
260 _a
_bMcgrawhill
_c
090 _c3149
_d3149
942 _aNUST-CAE
_cM
_c23880
999 _c238992
_d238992